000 00493nam a2200169 4500
001 108323
003 ES-MaACL
005 20230906184625.0
007 t|
008 061121s1972 sp r ||||1| spa d
100 1 _aMontero, Isaac.
_982479
245 1 4 _aLos días de amor, guerra y omnipotencia de "David el Callado" /
_cpor Isaac Montero.
250 _a1.ª ed.
260 _a[Barcelona :
_bPlaza y Janés,
_c1972]
300 _a342 p. ;
_c20 cm.
852 _aES-MaACL
_jC-49469
_bR.84397
999 _c108323
_d108323